[Event "COL-ch sf3 U18"]
[Site "Bogota"]
[Date "2019.06.07"]
[Round "2.10"]
[White "Almanza Avila, Nataly"]
[Black "Orozco Giraldo, Jhon Edison"]
[Result "1-0"]
[WhiteElo "1365"]
[BlackElo "1627"]
[PlyCount "31"]
[EventDate "2019.06.06"]
[EventType "swiss"]
[EventRounds "6"]
[EventCountry "COL"]
[SourceTitle "EXT 2024"]
[Source "ChessBase"]
[SourceDate "2023.10.10"]
[SourceVersion "1"]
[SourceVersionDate "2023.10.10"]
[SourceQuality "1"]

1. d4 Nf6 2. c4 g6 3. Nc3 Bg7 4. e4 d6 5. h3 0-0 6. Bd3 c5 7. d5 Na6 8. a3 Rb8 9. Nge2 Nc7 10. g4 a6 11. Ng3 e6 12. a4 exd5 13. cxd5 Re8 14. 0-0 Nd7 15. Bf4 Ne5 16. Qe2 1-0

[Event "COL pre olympic sf2"]
[Site "Palmira"]
[Date "2019.06.02"]
[Round "8"]
[White "Ortega Moran, Helmer Andres"]
[Black "Orozco Giraldo, Jhon Edison"]
[Result "1/2-1/2"]
[WhiteElo "1864"]
[BlackElo "1627"]
[PlyCount "52"]
[EventDate "2019.05.29"]
[EventType "swiss"]
[EventRounds "10"]
[EventCountry "COL"]
[SourceTitle "CBM 190 Extra"]
[Source "ChessBase"]
[SourceDate "2019.07.15"]
[SourceVersion "1"]
[SourceVersionDate "2019.07.15"]
[SourceQuality "1"]

1. e4 c5 2. Nf3 g6 3. d4 cxd4 4. Nxd4 Nf6 5. Nc3 Nc6 6. Be3 d6 7. f3 Bg7 8. Qd2 h5 9. 0-0-0 Bd7 10. Kb1 Rb8 11. Nxc6 bxc6 12. Bc4 Rb4 13. Bb3 a5 14. a3 Rb7 15. h3 c5 16. e5 dxe5 17. Bxc5 Qb8 18. Na4 0-0 19. Qxa5 Rxb3 20. cxb3 Qxb3 21. Nb6 Bf5+ 22. Ka1 Be6 23. Kb1 Bf5+ 24. Ka1 Be6 25. Kb1 Bf5+ 26. Ka1 Be6 1/2-1/2

[Event "COL-ch U1700"]
[Site "Pereira"]
[Date "2019.03.23"]
[Round "4"]
[White "Diaz Diaz, Jose Joaquin"]
[Black "Orozco Giraldo, Jhon Edison"]
[Result "1-0"]
[WhiteElo "1616"]
[BlackElo "1600"]
[PlyCount "73"]
[EventDate "2019.03.21"]
[EventType "swiss"]
[EventRounds "9"]
[EventCountry "COL"]
[SourceTitle "CBM 189 Extra"]
[Source "ChessBase"]
[SourceDate "2019.06.03"]
[SourceVersion "1"]
[SourceVersionDate "2019.06.03"]
[SourceQuality "1"]

1. Nf3 Nf6 2. d4 g6 3. g3 d6 4. Bg2 Bg7 5. 0-0 0-0 6. c4 c5 7. e3 cxd4 8. exd4 Qc7 9. b3 e5 10. h3 Nc6 11. Bb2 Re8 12. Nc3 a6 13. Rc1 Qb6 14. c5 Qc7 15. dxe5 dxe5 16. Nd2 Rd8 17. Qe1 Nb4 18. Rb1 Nd3 19. Qe3 Qxc5 20. Qxc5 Nxc5 21. Nc4 Bf5 22. Rbd1 Bd3 23. Rfe1 Bxc4 24. bxc4 Nd3 25. Re2 Nxb2 26. Rxb2 Rxd1+ 27. Nxd1 Rc8 28. Ne3 b5 29. cxb5 axb5 30. Rxb5 Ne8 31. Bd5 Nc7 32. Rc5 Kf8 33. Bb7 Rd8 34. Rxc7 Rd2 35. Bd5 f6 36. Rf7+ Kg8 37. Rxf6+ 1-0